000 00235nam a2200097Ia 4500
001 683280
005 20250826161435.0
008 250824s9999 xx 000 0 und d
245 0 _aBARBAROSSA
_cMEHMET ATILGAN
260 _bTİMAŞ YAYINLARI
999 _c683280
_d683280